Statistics for Countries by Official Residence Quiz

Click here to take the quiz!

General Stats

  • This quiz has been taken 16 times
  • The average score is 15 of 18

Answer Stats

LocationCountry% Correct
Palácio da AlvoradaBrazil
100%
24 Sussex DriveCanada
100%
ZhongnanhaiChina
100%
Palais de l'ÉlyséeFrance
100%
KōkyoJapan
100%
Buckingham PalaceUnited Kingdom
100%
White HouseUnited States of America
100%
Casa RosadaArgentina
94%
Kirribilli HouseAustralia
94%
Rashtrapati BhavanIndia
94%
KremlinRussia
94%
Cheong Wa DaeSouth Korea
94%
HofburgAustria
88%
The Royal PalaceNetherlands
63%
Genadendal ResidenceSouth Africa
63%
Heliopolis PalaceEgypt
56%
Malacañang PalacePhilippines
38%
IavolohaMadagascar
13%

Score Distribution

Percentile by Number Answered

Percent of People with Each Score

Your Score History

You have not taken this quiz